Zhodnotenie vplyvu pripravovanej Dohody o voľnom obchode medzi EÚ a USA na ekonomiku Slovenskej republiky diplomová práca

Enregistré dans:
Détails bibliographiques
Auteur principal: Liptajová, Lenka
Collectivité auteur: Obchodná fakulta EU. Katedra medzinárodného obchodu
Autres auteurs: Ružeková, Viera, 1957-
Format: Livre
Langue:slovaque
Publié: Bratislava 2016
Tags: Ajouter un tag
Pas de tags, Soyez le premier à ajouter un tag!

MARC

LEADER 00000nbm a2200000 4500
001 0216551
005 20161123150658.2
041 0 |a slo 
044 |a SK 
245 1 0 |a Zhodnotenie vplyvu pripravovanej Dohody o voľnom obchode medzi EÚ a USA na ekonomiku Slovenskej republiky  |b diplomová práca  |c Lenka Liptajová ; školiteľ: Viera Ružeková 
264 1 |a Bratislava  |c 2016 
300 |a 89 s. 
100 1 |a Liptajová, Lenka 
700 1 |a Ružeková, Viera, 1957- 
710 2 |a Obchodná fakulta EU. Katedra medzinárodného obchodu